| 000 | 00541nam a2200181Ia 4500 | ||
|---|---|---|---|
| 003 | GCL | ||
| 008 | 140319s9999 xx 000 0 ara d | ||
| 040 |
_aGCL / _cGCL |
||
| 082 | 0 | 4 |
_a823.03 _bش م |
| 100 | 1 | _aميشيل كامل | |
| 245 | 1 | 0 |
_aالمحقق : قص فى حوار / _cميشيل كامل |
| 700 | 1 | _aشيب، روبين | |
| 300 | _a92 ص | ||
| 490 |
_aروايات عالميه _v0 |
||
| 650 | 0 | 4 | _aالقصص الامريكية المترجمة |
| 650 | 0 | 4 | _aالادب الامريكى المترجم |
| 942 |
_2ddc _cBK |
||
| 999 |
_c47298 _d47298 |
||